| 000 | 00810nam a22003137a 4500 | ||
|---|---|---|---|
| 005 | 20250819195532.0 | ||
| 008 | 210812b2019 xxu||||| |||| 00| 0 spa d | ||
| 020 | _a9786071736833 | ||
| 041 | _aESP | ||
| 082 | _a346.07 S245d | ||
| 100 |
_aSariñana, Enrique _960938 |
||
| 245 | _aDerecho Mercantil | ||
| 250 | _a8 edición | ||
| 260 | _aMéxico | ||
| 260 | _bTrillas | ||
| 260 | _c2019 | ||
| 300 | _a176 páginas | ||
| 490 | _aDirección y Administración de Empresas | ||
| 650 | _aDERECHO MERCANTIL | ||
| 650 | _aCOMERCIANTE | ||
| 650 | _aSOCIEDAD ANÓNIMA | ||
| 650 | _aSRL | ||
| 650 | _aSOCIEDADES COOPERATIVAS | ||
| 650 | _aTÍTULOS DE CRÉDITO | ||
| 650 | _aOPERACIONES DE CRÉDITO | ||
| 650 | _aOBLIGACIONES MERCANTILES | ||
| 650 | _aCONTRATOS MERCANTILES | ||
| 942 |
_cBK _2ddc |
||
| 999 |
_c13109 _d13109 |
||